00955nam a2200217 a 450000100100000000500170001000800410002702000150006804000250008308200220010810000270013024501540015726000400031130000250035159000270037670000330040370000400043695201220047695201220059899900170072000004817120240306073903.0181204s2002 dr 000 0 spa d a9993484172 aDO-SdBNPbspacBNPHU aF385e, 1ro., 20021 aFerrer, Vicente93046310aEducación artística 1 :beducación básica /cVicente Ferrer ; ilustración Ruddy Núñez; direcciómn editorial Obdulia García Escobar. aSanto Domingo :bSantillana,c2002. a95p. :bil. ;c28cm. aInventariado, 2019/MFF1 aNúñez, Ruddyeul.9231711 aGarcía Escobar, Obdulia de929220 0010718PDaPDbPDcHDd2018-12-04iLF1l0oF385e, 1ro., 2002 p48171-10r2020-06-25w2020-06-25yLFPDZNo se presta 0010718PDaPDbPDcHDd2018-12-04iLF1l0oF385e, 1ro., 2002 p48171-20r2020-06-25w2020-06-25yLFPDZNo se presta c47659d47659